Les personnalités les plus clivantes - Statistiques

Statistiques générales
  • Ce quiz a été pris 201 fois
  • Le résultat moyen est 10 sur 20
Statistiques - réponses
Par images Réponse % Correct
Patrick Bruel
91%
Donald Trump
89%
Greta Thunberg
82%
Karim Benzema
82%
Didier Raoult
77%
Anne Roumanoff
76%
Anne Hidalgo
73%
Bill Gates
68%
Norman Thavaud
61%
Anne Frank
57%
Mathieu Kassovitz
44%
Mahomet
42%
Charles Manson
41%
Charles Darwin
31%
Bill Cosby
23%
Rokhaya Diallo
21%
Aung San Suu Kyi
18%
Salman Rushdie
16%
George Soros
9%
Judas Iscariote
9%
Aucun quiz correspondant
Distribution des résultats
% des personnes avec chaque résultat
Percentile par nombre de réponses
Votre historique - résultats
Vous n’avez pas pris ce quiz